| 000 | 01752nam a22003253i 4500 | ||
|---|---|---|---|
| 001 | BDZ0057620676 | ||
| 003 | StDuBDS | ||
| 005 | 20260310112344.0 | ||
| 007 | cr|||||||||||| | ||
| 008 | 251209s2025 enk go 000|0 eng d | ||
| 020 |
_a9781802364620 : _c6.99 |
||
| 040 |
_aStDuBDS _beng _erda _cStDuBDS |
||
| 072 | 7 |
_aVSH _2bicssc |
|
| 072 | 7 |
_aADR _2ukslc |
|
| 072 | 7 |
_aVSH _2thema |
|
| 100 | 1 |
_aMcQueen, John, _eauthor. |
|
| 245 | 1 | 0 |
_aEmerald Guide to Landlord and Tenant Law - Residential and Commercial Property : _bRevised Edition / _cJohn McQueen. |
| 264 | 1 |
_aDerby : _bStraightforward Publishing, _c2025. |
|
| 300 | _a1 online resource | ||
| 336 |
_atext _2rdacontent |
||
| 337 |
_aunmediated _2rdamedia |
||
| 338 |
_avolume _2rdacarrier |
||
| 366 |
_b20250525 _cIn stock |
||
| 520 | 8 | _aThis latest publication in the Emerald Home Lawyer Series, Landlord and Tenant Law, is a comprehensive guide to all aspects of the law as it affects landlord and tenant. As well as being an invaluable guide for the professional, it will be very useful for landlords who let property and also for tenants. The book is clear and concise and covers the following areas: The law relating to property generally, An outline of different tenure types, Public/private tenants, Freeholders and leaseholders, Letting property, Rent and service charges, Repairing responsibilities, Legal action against landlord or tenant. The impact of the Renters Rights Bill 2024 is also covered. | |
| 650 | 7 | _aEBOOK | |
| 650 | 7 | _aLANDLORD AND TENANT | |
| 690 |
_aLandlord and tenant _96252 |
||
| 856 | 4 | 0 |
_uhttps://www.vlebooks.com/product/openreader?id=RICS&accId=9491556&isbn=9781802364620 _zAvailable via Vlebooks (email [email protected] for access) |
| 942 | _2ddc | ||
| 999 |
_c122306 _d122306 |
||